[Event "Isle of Wight op"]
[Site "Ryde"]
[Date "2024.04.20"]
[Round "2"]
[White "Sefton, Adam"]
[Black "Readey, John"]
[Result "0-1"]
[WhiteElo "1793"]
[BlackElo "2162"]
[PlyCount "40"]
[EventDate "2024.04.19"]
[EventType "swiss"]
[EventRounds "5"]
[EventCountry "ENG"]
[SourceTitle "CB17_2024"]
[SourceDate "2024.04.24"]
[SourceVersion "1"]
[SourceVersionDate "2024.04.24"]
[SourceQuality "1"]

1. e4 e5 2. Nc3 Nf6 3. Nf3 Nc6 4. d4 exd4 5. Nxd4 Bb4 6. Nxc6 bxc6 7. Bd3 0-0 8. 0-0 d5 9. e5 Ng4 10. Qe2 Re8 11. f4 f6 12. h3 Bc5+ 13. Kh1 fxe5 14. f5 Nf6 15. Bg5 a5 16. g4 e4 17. Bc4 Bb7 18. Bxf6 Qxf6 19. Nxe4 Qd4 20. Rf4 Qe3 0-1

[Event "Washington State-ch Premier"]
[Site "Redmond"]
[Date "2016.02.15"]
[Round "9"]
[White "Schill, William"]
[Black "Readey, John"]
[Result "1/2-1/2"]
[WhiteElo "2178"]
[BlackElo "2260"]
[PlyCount "80"]
[EventDate "2016.02.06"]
[EventType "tourn"]
[EventRounds "9"]
[EventCountry "USA"]
[SourceTitle "EXT 2018"]
[Source "ChessBase"]
[SourceDate "2017.10.13"]
[SourceVersion "1"]
[SourceVersionDate "2017.10.13"]
[SourceQuality "1"]

1. e4 c6 2. d4 d5 3. Nd2 dxe4 4. Nxe4 Bf5 5. Ng3 Bg6 6. h4 h6 7. Nf3 Nd7 8. h5 Bh7 9. Bd3 Bxd3 10. Qxd3 e6 11. Bd2 Ngf6 12. 0-0-0 Be7 13. Kb1 0-0 14. Ne4 Nxe4 15. Qxe4 Nf6 16. Qe2 Qd5 17. Be3 Ng4 18. Bc1 Rfd8 19. Ne5 Nxe5 20. dxe5 Qb5 21. Qxb5 cxb5 22. Be3 b6 23. Kc1 Kf8 24. Rxd8+ Rxd8 25. Rd1 Rxd1+ 26. Kxd1 Bc5 27. Ke2 Bxe3 28. Kxe3 g6 29. g4 gxh5 30. gxh5 Ke7 31. Kd4 f5 32. c4 Kd7 33. cxb5 Kc7 34. a4 Kd7 35. b4 Ke8 36. f4 Kf8 37. a5 Kg8 38. a6 Kh8 39. Kc3 Kg8 40. Kb2 Kh8 1/2-1/2

[Event "Washington State-ch Premier"]
[Site "Redmond"]
[Date "2016.02.14"]
[Round "8"]
[White "Haining, Kyle"]
[Black "Readey, John"]
[Result "1-0"]
[WhiteElo "2111"]
[BlackElo "2260"]
[PlyCount "65"]
[EventDate "2016.02.06"]
[EventType "tourn"]
[EventRounds "9"]
[EventCountry "USA"]
[SourceTitle "EXT 2018"]
[Source "ChessBase"]
[SourceDate "2017.10.13"]
[SourceVersion "1"]
[SourceVersionDate "2017.10.13"]
[SourceQuality "1"]

1. e4 c6 2. d4 d5 3. Nc3 dxe4 4. Nxe4 Bf5 5. Ng3 Bg6 6. h4 h6 7. Nf3 Nd7 8. h5 Bh7 9. Bd3 Bxd3 10. Qxd3 e6 11. Bf4 Qa5+ 12. Bd2 Bb4 13. c3 Be7 14. c4 Qc7 15. 0-0-0 Ngf6 16. Kb1 0-0 17. Ne4 Nxe4 18. Qxe4 Nf6 19. Qe2 b5 20. c5 Qd7 21. g4 Nxg4 22. Rhg1 f5 23. Ne5 Qd5 24. Ng6 Rf7 25. f3 Nf6 26. Ne5 Nxh5 27. Qh2 Nf6 28. Bxh6 Bf8 29. Bg5 Be7 30. Rh1 Kf8 31. Bxf6 Bxf6 32. Qh8+ Ke7 33. Qxa8 1-0

[Event "USA tt"]
[Site "ICC INT"]
[Date "2008.10.06"]
[Round "7"]
[White "Shankland, Samuel L"]
[Black "Readey, John"]
[Result "1-0"]
[WhiteElo "2368"]
[BlackElo "2275"]
[PlyCount "131"]
[EventDate "2008.10.22"]
[EventType "team"]
[EventRounds "10"]
[EventCountry "USA"]
[SourceTitle "CBM 126 Extra"]
[Source "ChessBase"]
[SourceDate "2008.11.05"]
[SourceVersion "1"]
[SourceVersionDate "2008.11.05"]
[SourceQuality "1"]

1. e4 g6 2. d4 Bg7 3. Nc3 d6 4. Be3 Nf6 5. f3 c6 6. Qd2 Qa5 7. 0-0-0 b5 8. Kb1 Nbd7 9. g4 Nb6 10. b3 Rb8 11. h4 h5 12. g5 Nfd7 13. f4 b4 14. Nce2 c5 15. dxc5 dxc5 16. Bg2 Bb7 17. Rh2 0-0 18. e5 Bxg2 19. Rxg2 Rfd8 20. Ng3 e6 21. Ne4 Nd5 22. Qc1 Nxe3 23. Qxe3 Nxe5 24. Rgd2 Ng4 25. Qxc5 Qxc5 26. Nxc5 Rdc8 27. Ne4 Ne3 28. Re1 Nd5 29. Ne2 a5 30. Rf1 a4 31. Rf3 Rc7 32. Rfd3 axb3 33. cxb3 Rbc8 34. Rf3 Rc6 35. Rf1 Ra6 36. Rc1 Rxc1+ 37. Kxc1 Ra8 38. Nd6 Kf8 39. Nc4 Ke7 40. Kb1 Rd8 41. Kc2 Rc8 42. Kb1 Nc3+ 43. Nxc3 Bxc3 44. Re2 Rd8 45. Kc2 Bg7 46. Rd2 Rc8 47. Kd3 Rc5 48. Ke4 f5+ 49. Kf3 Rd5 50. Rxd5 exd5 51. Ne3 Kd6 52. Nc2 Kc5 53. Ke3 Bb2 54. Kd3 Bg7 55. a3 bxa3 56. Nxa3 Kb4 57. Nc2+ Kc5 58. b4+ Kb5 59. Ne3 Kc6 60. Nc2 Bf8 61. Nd4+ Kb6 62. Nf3 Bxb4 63. Ne5 Bd6 64. Nxg6 Kc5 65. Ne5 Be7 66. g6 1-0

[Event "USA tt"]
[Site "ICC INT"]
[Date "2008.09.22"]
[Round "5"]
[White "Readey, John"]
[Black "Bartholomew, John"]
[Result "0-1"]
[WhiteElo "2275"]
[BlackElo "2440"]
[PlyCount "74"]
[EventDate "2008.10.22"]
[EventType "team"]
[EventRounds "10"]
[EventCountry "USA"]
[SourceTitle "CBM 126 Extra"]
[Source "ChessBase"]
[SourceDate "2008.11.05"]
[SourceVersion "1"]
[SourceVersionDate "2008.11.05"]
[SourceQuality "1"]

1. Nf3 d5 2. d4 Nf6 3. c4 c6 4. e3 e6 5. Bd3 dxc4 6. Bxc4 b5 7. Bd3 a6 8. a4 b4 9. Nbd2 Bb7 10. 0-0 c5 11. Nc4 Nbd7 12. Qe2 Be7 13. Rd1 Qc7 14. Bd2 0-0 15. Rac1 Be4 16. Nce5 Qb7 17. Nxd7 Nxd7 18. Bxe4 Qxe4 19. Be1 Qb7 20. b3 Rfc8 21. Ne5 Nf6 22. dxc5 Bxc5 23. Qf3 Nd5 24. e4 Nf6 25. Rc4 Bf8 26. Rdc1 Rxc4 27. Rxc4 Rc8 28. Rxc8 Qxc8 29. Nd3 Qc2 30. e5 Nd5 31. Nf4 Nxf4 32. Qxf4 Qxb3 33. a5 Qc2 34. Kf1 Qd3+ 35. Kg1 b3 36. Qc1 Qc2 37. Bd2 Ba3 0-1

[Event "Seattle Green op"]
[Site "Seattle"]
[Date "2008.09.13"]
[Round "1"]
[White "Calpo, Benjamin V"]
[Black "Readey, John"]
[Result "1-0"]
[WhiteElo "2010"]
[BlackElo "2291"]
[PlyCount "57"]
[EventDate "2008.09.13"]
[EventType "swiss"]
[EventRounds "4"]
[EventCountry "USA"]
[SourceTitle "EXT 2017"]
[Source "ChessBase"]
[SourceDate "2016.10.25"]
[SourceVersion "1"]
[SourceVersionDate "2016.10.25"]
[SourceQuality "1"]

1. e4 g6 2. Bc4 Bg7 3. Qe2 d6 4. c3 c5 5. a4 Nc6 6. Na3 Nf6 7. h3 0-0 8. Ba2 b6 9. Nf3 e5 10. d3 h6 11. 0-0 Re8 12. Be3 d5 13. exd5 Nxd5 14. Qd2 Kh7 15. Rfe1 Be6 16. Nc4 Qc7 17. Rad1 Rad8 18. Qc2 a6 19. Bb1 b5 20. axb5 axb5 21. Ncd2 Na5 22. Nh4 f5 23. g4 Bf6 24. Nxg6 Kxg6 25. Bxc5 Qxc5 26. d4 Qc8 27. Ne4 fxe4 28. Qxe4+ Kg7 29. dxe5 1-0

[Event "Seattle Seafair op"]
[Site "Seattle"]
[Date "2008.??.??"]
[Round "5"]
[White "Readey, John"]
[Black "Guo, Alex"]
[Result "1-0"]
[WhiteElo "2299"]
[BlackElo "2054"]
[PlyCount "117"]
[EventDate "2008.08.15"]
[EventType "swiss"]
[EventRounds "5"]
[EventCountry "USA"]
[SourceTitle "EXT 2017"]
[Source "ChessBase"]
[SourceDate "2016.10.25"]
[SourceVersion "1"]
[SourceVersionDate "2016.10.25"]
[SourceQuality "1"]

1. Nf3 f5 2. d3 d6 3. e4 Nc6 4. Nc3 Nf6 5. Bg5 e5 6. exf5 Bxf5 7. d4 Bg4 8. Bb5 exd4 9. Qxd4 Bxf3 10. gxf3 Be7 11. 0-0-0 Qd7 12. Bxf6 Bxf6 13. Qe4+ Kd8 14. Nd5 a6 15. Bxc6 bxc6 16. Nb4 Re8 17. Nxc6+ Kc8 18. Qd5 a5 19. Ne5 c6 20. Nxd7 cxd5 21. Nb6+ Kb7 22. Nxa8 Rxa8 23. Rxd5 Kc7 24. a4 Be5 25. Rg1 g6 26. Kb1 Kc6 27. Rb5 Ra7 28. Rg4 Kd7 29. f4 Bf6 30. f5 gxf5 31. Rxf5 Ke6 32. Rb5 Be5 33. f4 Bf6 34. f5+ Kf7 35. Re4 Be5 36. Rbxe5 dxe5 37. Rxe5 Kf6 38. Rb5 h5 39. h4 Ke7 40. f6+ Kxf6 41. Rxh5 Ke6 42. Rb5 Kd6 43. h5 Kc6 44. h6 Kd6 45. Rh5 Ra8 46. h7 Rh8 47. b3 Kc6 48. Kb2 Kb6 49. c3 Kc6 50. b4 axb4 51. cxb4 Kb6 52. Rh6+ Ka7 53. a5 Kb7 54. b5 Ka7 55. a6 Kb8 56. b6 Ka8 57. Rg6 Rc8 58. Rg8 Kb8 59. h8R 1-0

[Event "USA tt"]
[Site "ICC INT"]
[Date "2007.09.17"]
[Round "4"]
[White "Readey, John"]
[Black "Donaldson, John W"]
[Result "0-1"]
[WhiteElo "2278"]
[BlackElo "2413"]
[PlyCount "130"]
[EventDate "2007.08.29"]
[EventType "team"]
[EventRounds "10"]
[EventCountry "USA"]
[SourceTitle "CBM 120 Extra"]
[Source "ChessBase"]
[SourceDate "2007.11.01"]
[SourceVersion "1"]
[SourceVersionDate "2007.11.01"]
[SourceQuality "1"]

1. Nf3 c5 2. c4 Nc6 3. g3 g6 4. Bg2 Bg7 5. Nc3 e5 6. a3 a5 7. 0-0 d6 8. d3 Nge7 9. Ne1 Be6 10. Nc2 d5 11. cxd5 Nxd5 12. Ne3 Nde7 13. Ne4 b6 14. Ng5 Bd7 15. Bd2 0-0 16. Rb1 a4 17. Nc4 h6 18. Ne4 Be6 19. Nc3 Rb8 20. Qxa4 Nd4 21. Qd1 b5 22. Ne3 Bb3 23. Qe1 f5 24. f4 exf4 25. gxf4 b4 26. axb4 cxb4 27. Ncd1 Qb6 28. Kh1 Rfc8 29. Rc1 Rxc1 30. Bxc1 Qc5 31. Bd2 Bf7 32. Nc4 Bxc4 33. dxc4 Qxc4 34. e4 fxe4 35. Qxe4 Qf7 36. Ne3 Kh7 37. Ng4 Nef5 38. Ne5 Qb3 39. Bc1 Re8 40. Re1 Re7 41. Qd5 Qc2 42. Be4 Qf2 43. Rd1 Bxe5 44. fxe5 Qh4 45. Bxf5 Nxf5 46. Bd2 Ng3+ 47. Kg2 Ne4 48. Be1 Qg4+ 49. Bg3 Qe2+ 50. Kg1 Nxg3 51. hxg3 Qxb2 52. e6 Qe2 53. Rf1 Qxe6 54. Qxe6 Rxe6 55. Rf7+ Kg8 56. Rb7 Re4 57. Kf2 h5 58. Kf3 Rg4 59. Kf2 Kf8 60. Kf3 Ke8 61. Kf2 Kd8 62. Kf3 Kc8 63. Rb5 Kc7 64. Kf2 Kc6 65. Rb8 Kc5 0-1

[Event "Washington State-ch"]
[Site "Seattle"]
[Date "2007.02.17"]
[Round "7"]
[White "Collyer, Curt D"]
[Black "Readey, John"]
[Result "1/2-1/2"]
[WhiteElo "2178"]
[BlackElo "2299"]
[PlyCount "57"]
[EventDate "2007.02.10"]
[EventType "tourn"]
[EventRounds "9"]
[EventCountry "USA"]
[SourceTitle "EXT 2017"]
[Source "ChessBase"]
[SourceDate "2016.10.25"]
[SourceVersion "1"]
[SourceVersionDate "2016.10.25"]
[SourceQuality "1"]

1. Nf3 g6 2. d4 Bg7 3. c4 d6 4. Nc3 Nf6 5. Bf4 0-0 6. e3 c5 7. Be2 Bf5 8. h3 Ne4 9. Qb3 Nc6 10. d5 Na5 11. Qa3 Nxc3 12. bxc3 b6 13. 0-0 h6 14. Rad1 Bc8 15. Bd3 Ba6 16. Nd2 Qc7 17. Rde1 Rab8 18. Rb1 f5 19. Qc1 g5 20. Bh2 Qd7 21. Qc2 f4 22. exf4 gxf4 23. Rfe1 Be5 24. Re4 b5 25. cxb5 Bxb5 26. Bxb5 Rxb5 27. Rxb5 Qxb5 28. Rxe5 dxe5 29. Qg6+ 1/2-1/2

[Event "Washington State-ch"]
[Site "Seattle"]
[Date "2007.02.11"]
[Round "3"]
[White "Bragg, David R"]
[Black "Readey, John"]
[Result "0-1"]
[WhiteElo "2255"]
[BlackElo "2299"]
[PlyCount "96"]
[EventDate "2007.02.10"]
[EventType "tourn"]
[EventRounds "9"]
[EventCountry "USA"]
[SourceTitle "EXT 2017"]
[Source "ChessBase"]
[SourceDate "2016.10.25"]
[SourceVersion "1"]
[SourceVersionDate "2016.10.25"]
[SourceQuality "1"]

1. e4 d6 2. d4 Nf6 3. Nc3 g6 4. Be2 Bg7 5. f4 c5 6. Nf3 cxd4 7. Nxd4 Nc6 8. Nb3 Bd7 9. Be3 a6 10. g4 h6 11. a4 a5 12. Nd5 Nxe4 13. Bb6 Qc8 14. c3 Kf8 15. Nc7 Rb8 16. Bf3 Nf6 17. h3 h5 18. g5 Ne8 19. Nb5 Bxh3 20. Nxa5 Bd7 21. Nc4 Nd4 22. Bxd4 Qxc4 23. Bd5 Qc8 24. Bb6 Bc6 25. 0-0 Qf5 26. Bxc6 bxc6 27. Nd4 Bxd4+ 28. Qxd4 Kg8 29. a5 h4 30. Kh2 e5 31. fxe5 Qxg5 32. exd6 Qg3+ 33. Kh1 Nxd6 34. Qf4 Nf5 35. Rf3 Qxf4 36. Rxf4 Kg7 37. Rg1 Ng3+ 38. Kh2 Ne2 39. Rf2 Rxb6 40. Rxe2 Rb5 41. b4 g5 42. Re7 Rd8 43. Rc7 Rd2+ 44. Rg2 Rxg2+ 45. Kxg2 g4 46. Rxc6 h3+ 47. Kg3 Rh5 48. Rc5 f5 0-1

[Event "USA tt"]
[Site "ICC INT"]
[Date "2006.10.11"]
[Round "7"]
[White "Pruess, David"]
[Black "Readey, John"]
[Result "0-1"]
[WhiteElo "2404"]
[BlackElo "2300"]
[PlyCount "152"]
[EventDate "2006.08.30"]
[EventType "team"]
[EventRounds "10"]
[EventCountry "USA"]
[SourceTitle "CBM 114 Extra"]
[Source "ChessBase"]
[SourceDate "2006.11.03"]
[SourceVersion "1"]
[SourceVersionDate "2006.11.03"]
[SourceQuality "1"]
[WhiteTeam "San Francisco"]
[BlackTeam "Seattle"]
[WhiteTeamCountry "USA"]
[BlackTeamCountry "USA"]

1. e4 d6 2. Nc3 g6 3. f4 Bg7 4. Nf3 Nf6 5. e5 Nfd7 6. d4 c5 7. Bc4 0-0 8. e6 Nb6 9. exf7+ Kh8 10. Be2 cxd4 11. Nxd4 Nc6 12. Be3 Rxf7 13. 0-0 Bd7 14. a4 Nb4 15. Nf3 Rc8 16. Bd4 Rxf4 17. Bxg7+ Kxg7 18. g3 Rf6 19. Ne4 Nxc2 20. Nxf6 exf6 21. Qxd6 Nxa1 22. Rxa1 Bxa4 23. Qb4 Qe8 24. Kf1 Bc6 25. Nd4 Nd5 26. Qd6 a6 27. Re1 Qd7 28. Qxd7+ Bxd7 29. Bf3 Rc4 30. Ne6+ Bxe6 31. Rxe6 Rc5 32. Rd6 Ne3+ 33. Ke2 Nf5 34. Rd7+ Kh6 35. Kd3 b5 36. Ra7 Re5 37. Bc6 Re3+ 38. Kd2 Re6 39. Rxa6 Rd6+ 40. Kc3 Nd4 41. Bb7 Rd7 42. Bg2 Nf5 43. Rxf6 b4+ 44. Kxb4 Rd2 45. Be4 Rd4+ 46. Kc5 Rxe4 47. b4 Re5+ 48. Kc4 Re2 49. g4 Re4+ 50. Kc5 Rxg4 51. b5 Rg2 52. b6 Rc2+ 53. Kb5 Kg5 54. Rf8 Nd4+ 55. Ka4 Rb2 56. Ka5 Rxh2 57. b7 Rb2 58. Ka6 h5 59. Rd8 Nf5 60. b8Q Rxb8 61. Rxb8 h4 62. Kb5 h3 63. Rh8 Nh4 64. Ra8 h2 65. Ra1 Nf3 66. Rh1 Kg4 67. Kc4 Kg3 68. Kd5 Kg2 69. Ra1 h1Q 70. Rxh1 Kxh1 71. Ke4 Kg2 72. Kf4 Kf2 73. Kg4 Ke3 74. Kg3 Ke4 75. Kg4 g5 76. Kg3 Ne5 0-1

[Event "US Open-102"]
[Site "Framingham"]
[Date "2001.08.09"]
[Round "6"]
[White "Santana, Mauricio"]
[Black "Readey, John"]
[Result "1/2-1/2"]
[WhiteElo "2052"]
[BlackElo "2306"]
[PlyCount "50"]
[EventDate "2001.08.04"]
[EventType "swiss"]
[EventRounds "9"]
[EventCountry "USA"]
[SourceTitle "CBM 083 Extra"]
[Source "ChessBase"]
[SourceDate "2001.09.11"]
[SourceVersion "1"]
[SourceVersionDate "2001.09.11"]
[SourceQuality "1"]

1. e4 e5 2. Nf3 Nc6 3. Bb5 Nf6 4. 0-0 Nxe4 5. Re1 Nd6 6. Bxc6 dxc6 7. Nxe5 Be7 8. d4 0-0 9. Nd2 Be6 10. c4 Bf6 11. b3 Re8 12. Bb2 Bf5 13. Qf3 Bg6 14. Rad1 Bg5 15. Qc3 Bh5 16. Ndf3 Bxf3 17. Qxf3 Qf6 18. d5 c5 19. Qh5 Qh6 20. Qxh6 Bxh6 21. Nd7 b6 22. Ne5 a5 23. a4 f6 24. Nf3 Kf7 25. Kf1 g6 1/2-1/2

[Event "Texas op"]
[Site "Austin"]
[Date "1996.??.??"]
[Round "3"]
[White "Readey, John"]
[Black "Curtin, Eugene"]
[Result "1/2-1/2"]
[WhiteElo "2355"]
[BlackElo "2365"]
[PlyCount "135"]
[EventDate "1996.??.??"]
[EventType "swiss"]
[EventRounds "4"]
[EventCountry "USA"]
[SourceTitle "EXT 2001"]
[Source "ChessBase"]
[SourceDate "2000.11.22"]
[SourceVersion "1"]
[SourceVersionDate "2000.11.22"]
[SourceQuality "1"]

1. Nf3 Nf6 2. c4 e6 3. g3 d5 4. Bg2 c5 5. cxd5 exd5 6. d4 Nc6 7. 0-0 Be7 8. Nc3 0-0 9. b3 Ne4 10. Bb2 Bf6 11. Na4 b6 12. dxc5 Bxb2 13. Nxb2 bxc5 14. Na4 Be6 15. Nd2 Qe7 16. Nxe4 dxe4 17. Bxe4 Rad8 18. Qc1 Bd5 19. Bxd5 Rxd5 20. Nc3 Rh5 21. Qf4 Nd4 22. e3 Rf5 23. Qe4 Nf3+ 24. Kg2 Qg5 25. h4 Qg6 26. Rad1 Ne5 27. Rd5 f6 28. f4 Ng4 29. Re1 Rxd5 30. Qxd5+ Kh8 31. e4 Qe8 32. Qxc5 Qa8 33. Qd5 Qc8 34. Qd3 Rd8 35. Qf3 h5 36. Nd5 Qc2+ 37. Qe2 Qc5 38. b4 Qc6 39. Rd1 Qa4 40. Rd2 Qa3 41. Rd3 Qc1 42. Rc3 Qa1 43. Qd2 Qb1 44. Qc2 Qe1 45. Rc8 Rxc8 46. Qxc8+ Kh7 47. Qc2 Kh6 48. a4 Qa1 49. a5 f5 50. Qd2 Qb1 51. exf5 Qe4+ 52. Kf1 Qf3+ 53. Ke1 Qxg3+ 54. Ke2 Qxh4 55. Ne3 Qf2+ 56. Kd3 Qf3 57. b5 Nf2+ 58. Kc2 Qe4+ 59. Kb2 Nd3+ 60. Kc3 Nxf4 61. Nd5 Qxd5 62. Qxf4+ Kh7 63. Qc4 Qe5+ 64. Kc2 Qh2+ 65. Kc3 h4 66. b6 axb6 67. axb6 h3 68. b7 1/2-1/2

[Event "Texas-ch"]
[Site "Dallas"]
[Date "1995.05.??"]
[Round "5"]
[White "Readey, John"]
[Black "Calogridis, Michael"]
[Result "0-1"]
[WhiteElo "2295"]
[BlackElo "2240"]
[PlyCount "88"]
[EventDate "1995.05.27"]
[EventType "swiss"]
[EventRounds "6"]
[EventCountry "USA"]
[SourceTitle "EXT 2020"]
[Source "ChessBase"]
[SourceDate "2019.10.17"]
[SourceVersion "1"]
[SourceVersionDate "2019.10.17"]
[SourceQuality "1"]

1. Nf3 Nf6 2. c4 e6 3. g3 d5 4. Bg2 Be7 5. 0-0 0-0 6. d4 Nbd7 7. Qc2 c6 8. Nbd2 b6 9. e4 Bb7 10. Re1 Rc8 11. e5 Ne8 12. cxd5 cxd5 13. Qa4 Nc7 14. Bf1 a5 15. a3 Qe8 16. Qd1 Nb8 17. Nb1 Ba6 18. Bxa6 Ncxa6 19. Bd2 Qd7 20. Nc3 Rc6 21. Bg5 Bxg5 22. Nxg5 h6 23. Nh3 Rc4 24. Nf4 Rfc8 25. Nh5 Nc7 26. Qg4 Ne8 27. Nf6+ Nxf6 28. exf6 g6 29. Re5 Qc7 30. Rh5 Rxd4 31. Qxd4 gxh5 32. Qh4 Qe5 33. f4 Qd4+ 34. Kh1 Nd7 35. Qxh5 Qxf6 36. Nxd5 exd5 37. Qg4+ Qg6 38. Qxd7 Qe4+ 39. Kg1 Rc2 40. Qh3 Qe3+ 41. Kh1 Qf3+ 42. Kg1 Qf2+ 43. Kh1 d4 44. Rf1 Qe2 0-1

[Event "US Open-90"]
[Site "Chicago"]
[Date "1989.??.??"]
[Round "1"]
[White "Parsons, David"]
[Black "Readey, John"]
[Result "1-0"]
[WhiteElo "2295"]
[BlackElo "2285"]
[PlyCount "57"]
[EventDate "1989.08.05"]
[EventType "swiss"]
[EventRounds "12"]
[EventCountry "USA"]
[SourceTitle "EXT 1997"]
[Source "ChessBase"]
[SourceDate "1996.11.15"]
[SourceVersion "1"]
[SourceVersionDate "1996.11.15"]
[SourceQuality "1"]

1. e4 e6 2. d4 d5 3. Nd2 Nf6 4. e5 Nfd7 5. f4 c5 6. c3 Nc6 7. Ndf3 cxd4 8. cxd4 Qb6 9. g3 f6 10. Bd3 Be7 11. Kf1 0-0 12. Kg2 f5 13. Ne2 Qc7 14. h3 Nb6 15. g4 g6 16. h4 fxg4 17. Nh2 Bxh4 18. Nxg4 Bd8 19. b3 Qg7 20. Ba3 Re8 21. Qc2 Bd7 22. Rxh7 Qxh7 23. Rh1 Qxh1+ 24. Kxh1 Rc8 25. Bxg6 Nxe5 26. Bc5 Nxg4 27. Bf7+ Kxf7 28. Qh7+ Kf6 29. Ng3 1-0

[Event "US Open-90"]
[Site "Chicago"]
[Date "1989.??.??"]
[Round "8"]
[White "Readey, John"]
[Black "Marchand, Erich Watkinson"]
[Result "1-0"]
[WhiteElo "2285"]
[BlackElo "2275"]
[PlyCount "79"]
[EventDate "1989.08.05"]
[EventType "swiss"]
[EventRounds "12"]
[EventCountry "USA"]
[SourceTitle "EXT 1997"]
[Source "ChessBase"]
[SourceDate "1996.11.15"]
[SourceVersion "1"]
[SourceVersionDate "1996.11.15"]
[SourceQuality "1"]

1. Nf3 d5 2. g3 Nc6 3. d4 Bf5 4. Bg2 e6 5. 0-0 Nf6 6. c3 Be7 7. b4 a6 8. Nbd2 0-0 9. Nb3 Ne4 10. Bb2 Nd6 11. Nfd2 a5 12. a3 Ra7 13. f3 e5 14. dxe5 Nxe5 15. Nxa5 b6 16. f4 Nec4 17. Nc6 Ne3 18. Nxd8 Nxd1 19. Nc6 Nxb2 20. Nxe7+ Kh8 21. Bxd5 Bh3 22. Rfc1 c5 23. Nc6 Ra6 24. Rc2 Na4 25. e4 b5 26. Nb3 Be6 27. bxc5 Nxe4 28. Bxe6 fxe6 29. Nb4 Raa8 30. c4 bxc4 31. Rxc4 Nec3 32. c6 Rfc8 33. Re1 Nd5 34. Rxe6 Nab6 35. Rce4 Nf6 36. Rd4 Rxa3 37. c7 Nbd7 38. Nc5 Nf8 39. Rd8 Raa8 40. Red6 1-0